Where do Grey Seals live? Quiz Stats

 Plays Quiz not verified by Sporcle

Support Sporcle.
Go Orange.
Score 0/19 Timer 06:00
0 Plays Today
% Correct
Denmark
100%
Iceland
100%
Russia
100%
UK
100%
USA
100%
Canada
97.7%
Estonia
97.7%
Ireland
97.7%
Latvia
97.7%
Finland
95.3%
% Correct
France
95.3%
Germany
95.3%
Lithuania
95.3%
Norway
95.3%
Poland
95.3%
Sweden
95.3%
Belgium
93%
Netherlands
93%
Portugal
58.1%

You're not logged in!

Compare scores with friends on all Sporcle quizzes.
OR
Log In

From the Vault

Picture Click Logic Puzzle II: Rotated Grid

by NYYanks

A rotated grid is less logical than a regular grid, but certainly more interesting.
Remove Ads.
Support Sporcle.
Get the best of Sporcle when you Go Orange. This ad-free experience offers more features, more stats, and more fun while also helping to support Sporcle. Thank you for becoming a member.

Show Comments

Extras

Created Mar 3, 2011ReportNominate
Tags:Country Quiz, Grey, Live, seal

Top Quizzes Today


Score Distribution

Your Account Isn't Verified!

In order to create a playlist on Sporcle, you need to verify the email address you used during registration. Go to your Sporcle Settings to finish the process.

Report this User

Report this user for behavior that violates our Community Guidelines.

Details: